Least Corrupt Countries 2000-2009 - Statistics

General Stats
  • This quiz has been taken 6 times
  • The average score is 12 of 20
Answer Stats
Corrupt Country % Correct
UK
100%
Canada
83%
Finland
83%
Netherlands
83%
Sweden
83%
Austria
67%
Germany
67%
Ireland
67%
Luxembourg
67%
New Zealand
67%
Norway
67%
Switzerland
67%
USA
67%
Australia
50%
Denmark
50%
Iceland
50%
Japan
50%
Singapore
33%
Barbados
17%
Hong Kong
17%
No matching quizzes found
Score Distribution
Percent of People with Each Score
Percentile by Number Answered
Your Score History
You have not taken this quiz